[Event "SRB-chT Premier"]
[Site "Bajina Basta"]
[Date "2023.09.28"]
[Round "11.5"]
[White "Perunovic, Miodrag"]
[Black "Titov, Ivan"]
[Result "1-0"]
[WhiteElo "2384"]
[BlackElo "2119"]
[PlyCount "183"]
[EventDate "2023.09.18"]
[EventType "team-tourn"]
[EventRounds "11"]
[EventCountry "SRB"]
[SourceTitle "CBM 216 Extra"]
[Source "ChessBase"]
[SourceDate "2023.11.30"]
[SourceVersion "1"]
[SourceVersionDate "2023.11.30"]
[SourceQuality "1"]
[WhiteTeam "Pozega"]
[BlackTeam "Petrovaradin Kraljica"]
[WhiteTeamCountry "SRB"]
[BlackTeamCountry "SRB"]

1. e4 g6 2. d4 Bg7 3. Nc3 c5 4. dxc5 Bxc3+ 5. bxc3 Qa5 6. Qd4 Nf6 7. Qb4 Nc6 8. Qxa5 Nxa5 9. f3 b6 10. Be3 bxc5 11. Bxc5 d6 12. Bd4 e5 13. Be3 Be6 14. Bd3 Ke7 15. Ne2 Rhb8 16. Kf2 Nc4 17. Bg5 Na3 18. Bc1 Nc4 19. h4 h5 20. Bg5 Na3 21. Rhd1 Rb6 22. Be3 Rc6 23. Bc1 Nc4 24. Rb1 Nd7 25. Rb7 Na5 26. Rb5 Rc5 27. a4 Rxb5 28. axb5 Nc4 29. Be3 a5 30. bxa6 Rxa6 31. Rb1 Ra2 32. Rb4 Nxe3 33. Kxe3 Ra1 34. Rb7 Kf6 35. g3 Rf1 36. Rb4 Nc5 37. Bc4 Bh3 38. Nd4 exd4+ 39. cxd4 Re1+ 40. Kf2 Rc1 41. dxc5 Rxc2+ 42. Ke3 dxc5 43. Rb6+ Kg7 44. Bd5 Rc3+ 45. Kf4 Bg2 46. e5 Rd3 47. Be4 Rc3 48. Rb7 Kf8 49. Bd5 Rd3 50. Be4 Rc3 51. Rb2 Bh3 52. Kg5 Kg7 53. Rb7 Be6 54. Rc7 c4 55. Rc5 Ra3 56. Kf4 Rb3 57. Rc7 Ra3 58. Bc6 Rb3 59. Be4 Ra3 60. Rc5 Rb3 61. Bc2 Rc3 62. Bd1 Ra3 63. Bc2 Rc3 64. Be4 Rb3 65. Bd5 Bxd5 66. Rxd5 Rc3 67. Rc5 Kg8 68. Rc7 Kf8 69. g4 hxg4 70. fxg4 Rh3 71. Kg5 Re3 72. Kf4 Rh3 73. e6 fxe6 74. Rxc4 Rxh4 75. Kg5 Rh3 76. Kf6 Rf3+ 77. Kxg6 e5 78. g5 Rg3 79. Re4 Rg2 80. Rxe5 Rg1 81. Rf5+ Kg8 82. Ra5 Kf8 83. Ra8+ Ke7 84. Rg8 Rg2 85. Kh7 Rh2+ 86. Kg7 Rg2 87. g6 Rd2 88. Rf8 Rg2 89. Rf1 Re2 90. Kg8 Re3 91. g7 Re2 92. Rh1 1-0

[Event "Novi Sad-Turkey GpA"]
[Site "Novi Sad"]
[Date "2018.08.07"]
[Round "1"]
[White "Titov, Ivan"]
[Black "Gallevci, Yagiz"]
[Result "1/2-1/2"]
[WhiteElo "2272"]
[BlackElo "1783"]
[PlyCount "124"]
[EventDate "2018.08.07"]
[EventType "schev"]
[EventRounds "10"]
[EventCountry "SRB"]
[SourceTitle "CBM 186 Extra"]
[Source "ChessBase"]
[SourceDate "2018.08.24"]
[SourceVersion "1"]
[SourceVersionDate "2018.08.24"]
[SourceQuality "1"]

1. e3 d5 2. f4 c6 3. Nf3 g6 4. d4 Bg4 5. Bd3 f5 6. 0-0 Nf6 7. c4 e6 8. Qb3 Bxf3 9. Rxf3 Qb6 10. Nc3 Nbd7 11. Bd2 Qxb3 12. axb3 Bb4 13. c5 Bxc3 14. bxc3 a6 15. c4 Kf7 16. Ba5 Rac8 17. Ra4 Ra8 18. Bc7 Rhc8 19. Be5 Rd8 20. h3 dxc4 21. Rxc4 h5 22. Kf1 h4 23. Ke1 Nh5 24. e4 Ndf6 25. exf5 gxf5 26. Rb4 Rd7 27. Bc4 Ng3 28. Re3 Nge4 29. Ra4 Rg8 30. Ra2 Nd5 31. Bxd5 exd5 32. b4 Ke6 33. Rea3 Rc8 34. Rc2 Rdd8 35. Raa2 Kd7 36. Ra3 Rg8 37. Kf1 Rg6 38. Rca2 Rcg8 39. Rc2 Rg3 40. Rca2 R8g6 41. Rxg3 Rxg3 42. Rb2 Re3 43. Bh8 Ke6 44. Be5 Ra3 45. Bh8 Nc3 46. Ke1 Ra1+ 47. Kd2 Ne4+ 48. Ke3 Ra3+ 49. Ke2 Rg3 50. Ke1 Rd3 51. Be5 Re3+ 52. Kd1 Ng3 53. Bh8 Ne4 54. Be5 Nc3+ 55. Kd2 Rg3 56. Ke1 Rd3 57. Rd2 Re3+ 58. Kf1 Ne4 59. Rb2 Kf7 60. Bh8 Kg8 61. Be5 Kh7 62. Bc7 Kg6 1/2-1/2

[Event "Novi Sad Serbian op"]
[Site "Novi Sad"]
[Date "2016.11.13"]
[Round "9"]
[White "Titov, Ivan"]
[Black "Costachi, Mihnea"]
[Result "0-1"]
[WhiteElo "2229"]
[BlackElo "2428"]
[PlyCount "104"]
[EventDate "2016.11.06"]
[EventType "swiss"]
[EventRounds "9"]
[EventCountry "SRB"]
[SourceTitle "CBM 175 Extra"]
[Source "ChessBase"]
[SourceDate "2016.12.12"]
[SourceVersion "1"]
[SourceVersionDate "2016.12.12"]
[SourceQuality "1"]

1. d4 Nf6 2. c4 g6 3. Nc3 Bg7 4. e4 d6 5. f4 0-0 6. Nf3 c5 7. d5 e6 8. Be2 exd5 9. cxd5 Re8 10. e5 dxe5 11. fxe5 Ng4 12. e6 fxe6 13. d6 Nc6 14. 0-0 Rf8 15. Ne4 b6 16. Bg5 Qd7 17. h3 h6 18. Be7 Rf4 19. hxg4 Rxe4 20. Qd3 Rxg4 21. Nh2 Nxe7 22. Bxg4 Nf5 23. Bxf5 gxf5 24. Nf3 Bb7 25. Rad1 Bd5 26. Nh4 Bd4+ 27. Kh1 Qxd6 28. Qh3 Kh7 29. Nf3 Rg8 30. Rd2 Qf4 31. Rdd1 Bxb2 32. Nh4 Qg4 33. Qxg4 Rxg4 34. Nf3 c4 35. Rf2 Bf6 36. Kh2 c3 37. g3 Rc4 38. Ne1 Bg5 39. Nc2 Kg6 40. Na3 Rc5 41. Nc2 a5 42. a3 b5 43. Rb1 Be4 44. Rb3 Bd2 45. Nd4 c2 46. Nxc2 Rxc2 47. Rxb5 Rc1 48. g4 Rh1+ 49. Kg3 Be1 50. gxf5+ exf5 51. a4 Kg5 52. Re5 h5 0-1

[Event "Novi Sad Serbian op"]
[Site "Novi Sad"]
[Date "2016.11.10"]
[Round "6"]
[White "Rogac, Srdjan"]
[Black "Titov, Ivan"]
[Result "0-1"]
[WhiteElo "2387"]
[BlackElo "2229"]
[PlyCount "98"]
[EventDate "2016.11.06"]
[EventType "swiss"]
[EventRounds "9"]
[EventCountry "SRB"]
[SourceTitle "CBM 175 Extra"]
[Source "ChessBase"]
[SourceDate "2016.12.12"]
[SourceVersion "1"]
[SourceVersionDate "2016.12.12"]
[SourceQuality "1"]

1. Nf3 d6 2. c4 e5 3. Nc3 f5 4. d3 Nf6 5. g3 Be7 6. Bg2 0-0 7. 0-0 Qe8 8. Nd5 Bd8 9. Bd2 Nbd7 10. Qb3 c6 11. Nxf6+ Nxf6 12. Bg5 Kh8 13. d4 e4 14. Nd2 Qh5 15. Bf4 Be7 16. Qa3 c5 17. dxc5 dxc5 18. f3 Bd7 19. Nb3 b6 20. Qa6 Qe8 21. a4 e3 22. a5 b5 23. Bxe3 bxc4 24. Nxc5 Bb5 25. Qb7 Bc6 26. Qa6 Bd6 27. Bf2 Rc8 28. Nb7 Be5 29. Qxa7 Bb8 30. Qa6 Nd5 31. e4 Bb5 32. Nd6 Bxa6 33. Nxe8 Nb4 34. Nxg7 Kxg7 35. Bd4+ Kg8 36. Rfc1 Rfd8 37. Bb6 Rd2 38. Bh3 Nd3 39. Rcb1 Ne5 40. Bg2 fxe4 41. fxe4 Nd3 42. Bh3 Rc6 43. Rf1 Be5 44. Rf5 Rf6 45. Rxf6 Bxf6 46. Rf1 Kg7 47. Rf5 Rxb2 48. Bf1 Rb1 49. Kg2 Bb7 0-1

[Event "Novi Sad Serbian op"]
[Site "Novi Sad"]
[Date "2016.11.08"]
[Round "4"]
[White "Radin, Dragomir"]
[Black "Titov, Ivan"]
[Result "0-1"]
[WhiteElo "2043"]
[BlackElo "2229"]
[PlyCount "66"]
[EventDate "2016.11.06"]
[EventType "swiss"]
[EventRounds "9"]
[EventCountry "SRB"]
[SourceTitle "CBM 175 Extra"]
[Source "ChessBase"]
[SourceDate "2016.12.12"]
[SourceVersion "1"]
[SourceVersionDate "2016.12.12"]
[SourceQuality "1"]

1. d4 Nf6 2. c4 b6 3. Bf4 Bb7 4. e3 e6 5. a3 c5 6. Nc3 cxd4 7. exd4 d6 8. Nf3 Be7 9. Be2 0-0 10. 0-0 Re8 11. h3 Nbd7 12. Rc1 Nf8 13. Re1 Ng6 14. Bg3 Rc8 15. Bd3 Nh5 16. Bh2 Nhf4 17. Be4 Bxe4 18. Nxe4 d5 19. Nc3 dxc4 20. Rc2 Nd5 21. Ne4 b5 22. Qc1 Nf6 23. Nc3 a6 24. Rd1 Bd6 25. Ne5 Qc7 26. Re2 Nd5 27. Bg3 Nxc3 28. Qxc3 Ne7 29. Qf3 Nf5 30. Bh2 f6 31. Ng4 h5 32. Bxd6 hxg4 33. hxg4 Nxd6 0-1

[Event "Novi Sad Serbian op"]
[Site "Novi Sad"]
[Date "2016.11.07"]
[Round "2"]
[White "Tosic, Miroslav"]
[Black "Titov, Ivan"]
[Result "1-0"]
[WhiteElo "2387"]
[BlackElo "2229"]
[PlyCount "65"]
[EventDate "2016.11.06"]
[EventType "swiss"]
[EventRounds "9"]
[EventCountry "SRB"]
[SourceTitle "CBM 175 Extra"]
[Source "ChessBase"]
[SourceDate "2016.12.12"]
[SourceVersion "1"]
[SourceVersionDate "2016.12.12"]
[SourceQuality "1"]

1. d4 e6 2. Nf3 b6 3. e4 d5 4. Nbd2 Nf6 5. e5 Nfd7 6. Bd3 c5 7. c4 Ba6 8. b4 cxd4 9. Qb3 Bb7 10. 0-0 Be7 11. cxd5 Bxd5 12. Bc4 Bb7 13. Bb2 Nc6 14. Nxd4 Ndxe5 15. Nxc6 Nxc6 16. Ne4 0-0 17. Qg3 e5 18. Rfd1 Qc8 19. b5 Na5 20. Bxe5 g6 21. Bd3 Qe6 22. Qf4 Rad8 23. Nf6+ Bxf6 24. Bxf6 Rd6 25. Bf1 Rxd1 26. Rxd1 Qf5 27. Qd6 Re8 28. Re1 Rc8 29. Re5 Qg4 30. h3 Qa4 31. Qd7 Qa3 32. Re7 Rf8 33. Qd2 1-0

[Event "Vojvodina-ch 7th"]
[Site "Novi Sad"]
[Date "2016.07.18"]
[Round "6"]
[White "Pikula, Dejan"]
[Black "Titov, Ivan"]
[Result "1-0"]
[WhiteElo "2434"]
[BlackElo "2218"]
[PlyCount "65"]
[EventDate "2016.07.15"]
[EventType "swiss"]
[EventRounds "9"]
[EventCountry "YUG"]
[SourceTitle "CBM 173 Extra"]
[Source "ChessBase"]
[SourceDate "2016.08.29"]
[SourceVersion "1"]
[SourceVersionDate "2016.08.29"]
[SourceQuality "1"]

1. e4 Nc6 2. Nf3 f5 3. exf5 d5 4. Bb5 Bxf5 5. Ne5 Bd7 6. Bxc6 Bxc6 7. d4 Qd6 8. 0-0 Qf6 9. Nd2 0-0-0 10. a4 Nh6 11. Ndf3 Nf7 12. Re1 h6 13. Nxf7 Qxf7 14. Ne5 Qf5 15. Ra3 Be8 16. Rf3 Qh7 17. Rc3 e6 18. Nd3 Bd6 19. Bf4 g5 20. Bxd6 Rxd6 21. Nc5 Qf5 22. Re5 Qg6 23. Qe2 Bd7 24. a5 a6 25. Rb3 Bb5 26. Rxb5 axb5 27. Qxb5 b6 28. Qa6+ Kd8 29. axb6 Ke7 30. Qb7 Qxc2 31. Qxc7+ Ke8 32. Rxe6+ Rxe6 33. Qd7+ 1-0

[Event "Vojvodina-ch 6th"]
[Site "Novi Sad"]
[Date "2015.07.31"]
[Round "9"]
[White "Titov, Ivan"]
[Black "Lundin, Jan"]
[Result "0-1"]
[WhiteElo "2172"]
[BlackElo "2245"]
[PlyCount "44"]
[EventDate "2015.07.25"]
[EventType "swiss"]
[EventRounds "9"]
[EventCountry "YUG"]
[SourceTitle "EXT 2017"]
[Source "ChessBase"]
[SourceDate "2016.10.25"]
[SourceVersion "1"]
[SourceVersionDate "2016.10.25"]
[SourceQuality "1"]

1. e4 e5 2. Nf3 Nc6 3. Bc4 Bc5 4. d4 Bxd4 5. Nxd4 Nxd4 6. f4 d6 7. Bxf7+ Kxf7 8. 0-0 Nf6 9. fxe5 dxe5 10. Bg5 h5 11. Nc3 c6 12. Qd3 Ne6 13. Qg3 Nxg5 14. Qxg5 Qe7 15. Ne2 h4 16. Nd4 Kg8 17. Nf3 Rh5 18. Qe3 b6 19. Kh1 Ba6 20. Rfd1 Qc5 21. Qe1 h3 22. Rd2 Rf8 0-1

[Event "Vojvodina-ch 6th"]
[Site "Novi Sad"]
[Date "2015.07.26"]
[Round "4"]
[White "Maryasin, Boris Feliksovich"]
[Black "Titov, Ivan"]
[Result "1-0"]
[WhiteElo "2332"]
[BlackElo "2172"]
[PlyCount "59"]
[EventDate "2015.07.25"]
[EventType "swiss"]
[EventRounds "9"]
[EventCountry "YUG"]
[SourceTitle "CBM 167 Extra"]
[Source "ChessBase"]
[SourceDate "2015.09.14"]
[SourceVersion "1"]
[SourceVersionDate "2015.09.14"]
[SourceQuality "1"]

1. e4 d5 2. exd5 Nh6 3. d4 g6 4. Bf4 Bg7 5. Nc3 0-0 6. Qd2 Nf5 7. Nf3 c6 8. Bc4 cxd5 9. Bxd5 e6 10. Be4 Qb6 11. 0-0-0 Nc6 12. Bxf5 exf5 13. Bh6 Na5 14. Nd5 Qb5 15. Bxg7 Kxg7 16. Nc7 Qa4 17. Kb1 Bd7 18. b3 Qa3 19. Nxa8 Rxa8 20. Ne5 Rd8 21. Qc3 Rc8 22. Qb2 Qd6 23. Nxd7 Qxd7 24. d5+ Kg8 25. Rhe1 Rc5 26. Qf6 Qc8 27. Re7 Qf8 28. Rde1 Rc8 29. Qe5 Rd8 30. Re8 1-0

[Event "SRB-chT2 Vojvodina League"]
[Site "Kac"]
[Date "2012.10.20"]
[Round "9"]
[White "Kovacevic, Slavko"]
[Black "Titov, Ivan"]
[Result "1-0"]
[WhiteElo "2187"]
[BlackElo "2173"]
[PlyCount "99"]
[EventDate "2012.10.14"]
[EventType "team-swiss"]
[EventRounds "11"]
[EventCountry "SRB"]
[SourceTitle "EXT 2015"]
[Source "ChessBase"]
[SourceDate "2014.11.20"]
[SourceVersion "1"]
[SourceVersionDate "2014.11.20"]
[SourceQuality "1"]

1. c4 Nf6 2. Nc3 g6 3. g3 d5 4. cxd5 Nxd5 5. Bg2 Nb6 6. Nf3 Bg7 7. 0-0 0-0 8. d4 Nc6 9. e3 h6 10. h3 Be6 11. b3 Qc8 12. Kh2 Rd8 13. Ba3 a5 14. Qc2 g5 15. Rad1 Bf5 16. Qc1 g4 17. hxg4 Bxg4 18. Bc5 Nd5 19. Rd2 Nxc3 20. Qxc3 Qe6 21. Rh1 Qf6 22. Ne1 Qg6 23. Nd3 Qf5 24. f3 Bxf3 25. Rf2 e5 26. Bxf3 exd4 27. Qc4 dxe3 28. Be4 Qg5 29. Rf5 Qg4 30. Bxe3 Qe2+ 31. Bf2 Nd4 32. Re1 Qd2 33. Qxf7+ Kh8 34. Rf4 Rd6 35. Qh5 Ne6 36. Re2 Qd1 37. Bf5 Rad8 38. Rfe4 Nf8 39. Nf4 Rf6 40. Bg4 c6 41. Qxa5 b5 42. Re7 Rdd6 43. Rxg7 Qf1 44. Rge7 h5 45. Bh3 Qc1 46. Qe1 Rd1 47. Bd4 Nh7 48. Qf2 Rh1+ 49. Kg2 Rxh3 50. Nxh3 1-0